00817cam a22002413a 450000100060000000300060000600500170001200800410002904000150007004200070008505000060009224501240009826000290022250600300025151600200028165300320030165300400033365300450037365300330041870000530045183000290050485600420053311034PGUSA20140828083232.0040201s2004||||xxu|||||s|||||000 | eng d aPGUSAbeng adc 4aJ12aA Compilation of the Messages and Papers of the Presidents :bVolume 3, part 2: Martin Van Burenh[electronic resource] bProject Gutenberg,c2004 aPublic domain in the USA. aElectronic text aPresidents -- United States aUnited States -- History -- Sources aUnited States -- Politics and government aVan Buren, Martin, 1782-18621 aRichardson, James D.q(James Daniel),d1843-1914 0aProject Gutenbergv1103440uhttp://www.gutenberg.org/ebooks/11034